000 00563nam a2200193Ia 4500
005 20250923145217.0
008 008 250917s9999 xx 000 0 eng d
037 _aTextual
040 _aDSWL
_beng
_cDSWL
041 _aeng
_2eng
084 _aR60bY, N70
_qDSWL
100 _aDamodaran, K.
_9832932
245 0 _aMan and Society in Indian Philosophy
_cby K. Damodaran
260 _aNew Delhi
_b People's Publiing House
_c1970
365 _aINR
_b8.00
925 _g8.00
942 _cTEXL
_hR60bY, N70
999 _c1448501
_d1448501